American English I Book 3 Tasks 49-72

Bibliographic Details
Main Author: Cornelius, Edwin T., 1924- (Author)
Format: Book
Language:English
PhysicalDescription:ii, 171 strán fotografie 21 cm
Published: Praha Úlehla 1990
ISBN:8090011667
Subjects:

MARC

LEADER 00000cam a2200000 a 4500
001 vtls009549854
003 SK-MaSNL
005 20260426002337.0
008 231120s1990 xr o frp 000 0 eng
015 |a SNBA1990 
020 |a 8090011667  |q (brožované) 
035 |a urn:nbn:sk:snk-am00ig8m 
035 |a F1624E84-1279-46DE-88BE-108795676B8A 
040 |a SNK  |b slo  |c SNK  |e AACR2 
041 0 |a eng 
044 |a xr  |c CZ 
072 7 |a 811.111  |x Angličtina  |2 konspekt 
072 7 |a 37.016  |x Učebné osnovy. Vyučovacie predmety. Učebnice  |2 konspekt 
080 |a 811.111  |2 2011 
080 |a 811.111(73)  |2 2011 
080 |a 81'24  |2 2011 
080 |a (075.2)  |2 2011 
080 |a (075.3)  |2 2011 
100 1 |a Cornelius, Edwin T.,  |d 1924-  |4 aut  |9 370810 
245 1 0 |a American English I  |n Book 3  |p Tasks 49-72  |c [Edwin T. Cornelius, Jr.] 
246 3 0 |a Tasks 49-72 
260 |a Praha  |b Úlehla  |c 1990 
300 |a ii, 171 strán  |b fotografie  |c 21 cm 
366 |e 150000 výtl. 
650 0 7 |a americká angličtina  |2 SNKPH  |9 1259 
650 0 7 |a angličtina  |2 SNKPH  |9 1260 
650 0 7 |a konverzácia  |2 SNKPH  |9 49849 
655 7 |a učebnice základných škôl  |2 SNKPH  |9 70187 
655 7 |a učebnice stredných škôl  |2 SNKPH  |9 69323 
852 |a Slovenská národná knižnica 
919 |a 80-900116-6-7 
954 |a odborná, vedecká literatúra cudzojazyčná (svetová)  |2 lita 
958 |a OND 
958 |a EUIPO 
999 |c 916513  |d 918443 
952 |t P60, <04>, [BOOK], {604}  |a SNK  |b SNK  |y VYP  |7 0  |p 17A0215502  |o snkSC 78960/1/3 D1  |0 0  |1 0  |4 0  |d 1999-10-25  |l 0  |r 2005-01-01 00:00:00  |w 2026-02-24 
952 |a SNK  |b SNK  |y PREZ  |7 0  |p 17A0966895  |o snkSC 78960/1/3  |i snkKIP 1369/91  |0 0  |1 0  |4 0  |d 2012-08-09  |f 1  |l 0  |r 2026-02-24 08:02:48  |w 2026-02-24